| 000 | 00657nam a2200217Ia 4500 | ||
|---|---|---|---|
| 005 | 20250508165257.0 | ||
| 008 | 008 250505s9999 xx 000 0 eng d | ||
| 020 | _a978-81-321-0730-9 | ||
| 037 | _aTextBook | ||
| 040 |
_aFEDL _beng _cFEDL |
||
| 041 |
_aeng _2eng |
||
| 084 |
_a307.76, DES/R _qFEDL |
||
| 100 |
_aDesai Renu Ed. _9462395 |
||
| 245 | 0 | _aUrbanizing citizenship: Contested spaces in indian cities | |
| 260 |
_aNew Delhi, India _bSage Publications India Pvt. Ltd. _c2012 |
||
| 300 | _axiv, 246p. | ||
| 365 |
_aINR _b695 |
||
| 700 |
_a Sanyal Romola Ed. _9780371 |
||
| 942 |
_cTB _h307.76, DES/R |
||
| 999 |
_c1394198 _d1394198 |
||